| 000 | 00438nam a22001577a 4500 | ||
|---|---|---|---|
| 005 | 20251119094331.0 | ||
| 008 | 251119b |||||||| |||| 00| 0 eng d | ||
| 020 | _a9798887153032 | ||
| 050 | _aSB 187.M37 2024 | ||
| 100 | _aMARTIN JOHN S. | ||
| 245 |
_aCROP PRODUCTION _bTHEORY,TECHNIQUES AND TECHNOLOGY |
||
| 260 |
_aUNITED STATES OF AMERICA _bORYSON PRESS _c2024 |
||
| 300 | _aX,269 | ||
| 500 | _aINCLUDE AN INDEX | ||
| 942 |
_2lcc _cBK |
||
| 999 |
_c216208 _d216208 |
||